000 00213nam a22001097a 4500
100 _aYadav M.S
245 _aJee Advance Chemistry
250 _a2024
260 _bMTG Learning
300 _a396
942 _2ddc
_cBK
999 _c11700
_d11700